Reforming China's state-owned enterprises /

Disimpan dalam:
Butiran Bibliografi
Pengarang-pengarang Lain: Chi, Fulin., Gao, Shangquan., Kao, Shang-chʻüan., Chʻih, Fu-lin.
Format: Buku
Bahasa:English
Diterbitkan: Beijing : Foreign Languages Press, 1997.
Edisi:1st ed.
Siri:Studies on the Chinese market economy series.
Subjek-subjek:
Penanda-penanda: Tambah Penanda
Tiada Penanda, Jadilah orang pertama menanda rekod ini!
LEADER 00870nam a2200277 a 4500
001 007780945-9
005 20070917194556.0
008 970401s1997 cc 000 0 eng d
020 |a 7119003003 
035 0 |a ocm39745344 
043 |a a-cc--- 
050 4 |a HD4318  |b .R44 1997x 
245 0 0 |a Reforming China's state-owned enterprises /  |c chief editors, Gao Shangquan and Chi Fulin. 
250 |a 1st ed. 
260 |a Beijing :  |b Foreign Languages Press,  |c 1997. 
300 |a 229 p. ;  |c 21 cm. 
490 1 |a Studies on the Chinese market economy series 
650 0 |a Government business enterprises  |z China. 
651 0 |a China  |x Economic policy  |y 1976-2000. 
700 1 |a Chi, Fulin. 
700 1 |a Gao, Shangquan. 
700 1 |a Kao, Shang-chʻüan. 
700 1 |a Chʻih, Fu-lin. 
830 0 |a Studies on the Chinese market economy series. 
988 |a 20020608 
906 |0 MH